Kreatívna trieda v miestnom ekonomickom rozvoji

Saved in:
Bibliographic Details
Main Author: Žárska, Elena, 1955-
Format: Book Chapter
Language:Slovak
English
Tags: Add Tag
No Tags, Be the first to tag this record!

MARC

LEADER 00000naa$a2200000$$$4500
001 0176001
005 20240502083417.6
041 0 |a slo 
041 0 |a eng 
044 |a CZ 
245 1 0 |a Kreatívna trieda v miestnom ekonomickom rozvoji  |c Elena Žárska 
500 |a Abstrakt 
100 1 |a Žárska, Elena, 1955-